Truyện cổ Anđecxen : t. II /

Đã lưu trong:
書目詳細資料
Những tác giả chính: Nguyễn Văn Hải, Vũ Minh Toàn
格式: Sách giấy
語言:Vietnamese
出版: Hà Nội : Văn hoá Thông tin , 1998
標簽: 添加標簽
沒有標簽, 成為第一個標記此記錄!
Thư viện lưu trữ: Thư viện Trường Đại học Đà Lạt
LEADER 00644nam a2200253 4500
001 DLU020014020
005 ##6/25/2000
020 # # |a 978- 
041 # # |a vie 
082 # # |a 839.813  |b AN-H 
100 # # |a Nguyễn Văn Hải 
100 # # |a Vũ Minh Toàn 
245 # # |a Truyện cổ Anđecxen :  |b t. II /  |c Nguyễn Văn Hải,Vũ Minh Toàn, Anđecxen Hans Crixtian 
260 # # |a Hà Nội :  |b Văn hoá Thông tin ,  |c 1998 
300 # # |a 384 tr.;   |c 21 cm. 
992 # # |a 32000 
994 # # |a DLU 
900 # # |a False 
911 # # |a Administrator 
925 # # |a G 
926 # # |a A 
927 # # |a SH 
980 # # |a Thư viện Trường Đại học Đà Lạt